Подробности
| 000 -МАРКЕР |
| контрольное поле |
03157nam0a2200421 4500 |
| 001 - ИДЕНТИФИКАТОР ЗАПИСИ |
| контрольное поле |
RU\NLR\bibl\1350846 |
| 005 - ИДЕНТИФИКАТОР ВЕРСИИ |
| контрольное поле |
20250615173710.0 |
| 010 ## - МЕЖДУНАРОДНЫЙ СТАНДАРТНЫЙ НОМЕР КНИГИ (ISBN) |
| Номер (ISBN) |
978-5-7485-0450-8 |
| Тираж |
200 |
| 021 ## - НОМЕР ГОСУДАРСТВЕННОЙ РЕГИСТРАЦИИ |
| Код страны |
российская федерация |
| Номер |
2009-5365 |
| Номер Листа государственной регистраци |
304 |
| 035 ## - ДРУГИЕ СИСТЕМНЫЕ НОМЕРА |
| Идентификатор записи |
(nilc)RSL-KNO-004241597 |
| 035 ## - ДРУГИЕ СИСТЕМНЫЕ НОМЕРА |
| Идентификатор записи |
(NLR Aleph) 001335937 |
| 100 ## - ДАННЫЕ ОБЩЕЙ ОБРАБОТКИ |
| Данные общей обработки |
20090225d2008 |||y0rusy50 ca |
| 101 0# - ЯЗЫК РЕСУРСА |
| Язык текста, звукозаписи и т.д. |
русский |
| 102 ## - СТРАНА ПУБЛИКАЦИИ ИЛИ ПРОИЗВОДСТВА |
| Страна публикации |
российская федерация |
| 105 ## - ПОЛЕ КОДИРОВАННЫХ ДАННЫХ: ТЕКСТОВЫЕ МАТЕРИАЛЫ, МОНОГРАФИЧЕСКИЕ |
| Кодированные данные о монографическом текстовом документе |
y ||||||||| |
| 200 1# - ЗАГЛАВИЕ И СВЕДЕНИЯ ОБ ОТВЕТСТВЕННОСТИ |
| Основное заглавие |
Меры обеспечения производства по делам об административных правонарушениях, применяемые ОВД в области дорожного движения |
| Сведения, относящиеся к заглавию |
[учебное пособие для курсантов, студентов, аспирантов и преподавателей учебных заведений юридического профиля] |
| Первые сведения об ответственности |
Ю. В. Помогалова, М. Е. Молодых |
| Последующие сведения об ответственности |
Федер. гос. образоват. учреждение высш. проф. образования "Сарат. юрид. ин-т МВД России" |
| 210 ## - ПУБЛИКАЦИЯ, РАСПРОСТРАНЕНИЕ И ДР. |
| Место издания, распространения и т.д. |
Саратов |
| Имя издателя, распространителя и т. д. |
Саратовский юридический институт МВД России |
| Дата издания, распространения и т.д. |
2008 |
| 215 ## - ФИЗИЧЕСКАЯ ХАРАКТЕРИСТИКА |
| Специфическое обозначение материала и объем |
78 с. |
| Размеры |
21 |
| 300 ## - ОБЩИЕ ПРИМЕЧАНИЯ |
| Текст примечания |
На обороте тит. л. авт.: Помогалова Ю. В., Молодых М. Е., кандидаты юрид. наук |
| 320 ## - ПРИМЕЧАНИЯ О НАЛИЧИИ В ДОКУМЕНТЕ БИБЛИОГРАФИИ / УКАЗАТЕЛЯ |
| Текст примечания |
Библиогр.: с. 76-77 (23 назв.) и в подстроч. примеч. |
| 601 02 - НАИМЕНОВАНИЕ ОРГАНИЗАЦИИ КАК ПРЕДМЕТ |
| Начальный элемент ввода |
Государственная инспекция безопасности дорожного движения |
| Формальный подзаголовок |
Учебные издания для высших учебных заведений |
| Тематический подзаголовок |
Административная юрисдикция |
| Географический подзаголовок |
Российская Федерация |
| Системный номер авторитетной/нормативной записи |
2378448 |
| Идентификатор авторитетной/нормативной записи |
RU\NLR\auth\661419203 |
| 606 1# - НАИМЕНОВАНИЕ ТЕМЫ КАК ПРЕДМЕТ |
| Наименование темы |
Правила дорожного движения |
| Формальный подзаголовок |
Учебные издания для высших учебных заведений |
| Тематический подзаголовок |
Нарушения |
| -- |
Административная ответственность |
| Географический подзаголовок |
Российская Федерация |
| Системный номер авторитетной/нормативной записи |
2111454 |
| Идентификатор авторитетной/нормативной записи |
RU\NLR\auth\661276031 |
| 610 0# - НЕКОНТРОЛИРУЕМЫЕ ПРЕДМЕТНЫЕ ТЕРМИНЫ |
| Предметный термин |
Государство и право. Юридические науки -- Административное право -- Российская Федерация -- Формы и методы государственного управления -- Административное принуждение -- Административная ответственность -- Административный проступок -- Учебник для высшей школы |
| 610 0# - НЕКОНТРОЛИРУЕМЫЕ ПРЕДМЕТНЫЕ ТЕРМИНЫ |
| Предметный термин |
дорожное движение |
| 686 ## - ИНДЕКСЫ ДРУГИХ КЛАССИФИКАЦИЙ |
| Индекс |
Х621.033.2я73-1 |
| Код системы |
|
| 686 ## - ИНДЕКСЫ ДРУГИХ КЛАССИФИКАЦИЙ |
| Индекс |
Х621.145.310.4я73 |
| 686 ## - ИНДЕКСЫ ДРУГИХ КЛАССИФИКАЦИЙ |
| Индекс |
Х621.033.21я73 |
| 700 #1 - ИМЯ ЛИЦА - ПЕРВИЧНАЯ ОТВЕТСТВЕННОСТЬ |
| Начальный элемент ввода |
Помогалова |
| Часть имени, кроме начального элемента ввода |
Ю. В. |
| Расширение инициалов личного имени |
Юлия Викторовна |
| Код отношения |
Автор |
| 701 #1 - ИМЯ ЛИЦА - АЛЬТЕРНАТИВНАЯ ОТВЕТСТВЕННОСТЬ |
| Начальный элемент ввода |
Молодых |
| Часть имени, кроме начального элемента ввода |
М. Е. |
| Расширение инициалов личного имени |
Максим Евгеньевич |
| Код отношения |
Автор |
| 801 #0 - ИСТОЧНИК ЗАПИСИ |
| Страна |
российская федерация |
| Организация |
РКП |
| Дата составления |
20090225 |
| Правила каталогизации |
rcr |
| 801 #1 - ИСТОЧНИК ЗАПИСИ |
| Страна |
российская федерация |
| Организация |
РГБ |
| Дата составления |
20090225 |
| 801 #2 - ИСТОЧНИК ЗАПИСИ |
| Страна |
российская федерация |
| Организация |
NLR |
| Дата составления |
20090402 |
| Правила каталогизации |
rcr |
| 830 ## - ОБЩЕЕ ПРИМЕЧАНИЕ, СОСТАВЛЕННОЕ КАТАЛОГИЗАТОРОМ |
| Текст примечания |
авт. по кн. |
| 942 ## - ДОПОЛНИТЕЛЬНЫЕ ЭЛЕМЕНТЫ ЗАПИСИ (АБИС) |
| Тип экземпляра АБИС |
Книга |
| 980 ## - КОЛЛЕКЦИЯ |
| Название коллекции |
Национальная библиография |